000 00236nam a2200097Ia 4500
008 190216s9999||||xx |||||||||||||| ||und||
100 _aSudakara Menon
245 0 _aIndiayile Rathnangal
260 _bKerala Basha Inst
942 _cBK
999 _c34796
_d34796